[Event "XVIII Weekend B"]
[Site "Ceriano Laghetto ITA"]
[Date "2009.03.28"]
[Round "3"]
[White "Fornasir, Carlo Gustavo"]
[Black "Dogic, Mirhad"]
[Result "1/2-1/2"]
[WhiteElo "1886"]
[BlackElo "1685"]
[PlyCount "134"]
[EventDate "2009.03.27"]

1. e4 g6 2. Bc4 Bg7 3. Nc3 d6 4. d3 c6 5. Nge2 e6 6. a3 d5 7. exd5 exd5 8. Bb3
Nf6 9. Bf4 O-O 10. Qd2 Nbd7 11. Bh6 Bxh6 12. Qxh6 Ng4 13. Qf4 Ndf6 14. h3 Nh5
15. Qd2 Ngf6 16. g4 Ng7 17. O-O-O b5 18. Ng3 a5 19. Nce2 a4 20. Ba2 Bb7 21. d4
Ne6 22. f4 Ng7 23. c3 Ne4 24. Nxe4 dxe4 25. Ng3 Re8 26. Rhe1 c5 27. dxc5 Qxd2+
28. Rxd2 Ne6 29. Nxe4 Bxe4 30. Rxe4 Nxc5 31. Re5 Rxe5 32. fxe5 Ne4 33. Rd7 Ng5
34. h4 Ne6 35. Bxe6 fxe6 36. Re7 Ra6 37. Kd2 Rc6 38. Ke3 h6 39. Rd7 Rc5 40. Ke4
g5 41. h5 Rc4+ 42. Rd4 Rc5 43. Rb4 Kf7 44. b3 Rxc3 45. bxa4 bxa4 46. Rxa4 Rg3
47. Ra7+ Kf8 48. Rh7 Rxg4+ 49. Kf3 Rf4+ 50. Ke3 Ra4 51. Rxh6 Rxa3+ 52. Kd4 Kf7
53. Rf6+ Ke7 54. Rg6 g4 55. Ke4 Rh3 56. Rg5 Rh1 57. Kf4 g3 58. Kxg3 Rg1+ 59.
Kf4 Rf1+ 60. Ke3 Kf7 61. Kd4 Rc1 62. Rg6 Rd1+ 63. Ke4 Rf1 64. Rh6 Re1+ 65. Kf4
Rf1+ 66. Kg4 Rg1+ 67. Kf3 Rf1+ 1/2-1/2

[Event "XVIII Weekend B"]
[Site "Ceriano Laghetto ITA"]
[Date "2009.03.28"]
[Round "3"]
[White "Fragni, Enrico"]
[Black "Cervini, Gian Piero"]
[Result "1-0"]
[WhiteElo "1769"]
[BlackElo "1819"]
[PlyCount "89"]
[EventDate "2009.03.27"]

1. d4 Nf6 2. c4 g6 3. Nc3 Bg7 4. e4 d6 5. Be2 O-O 6. Nf3 e5 7. dxe5 dxe5 8. Qc2
Nc6 9. a3 Nd4 10. Qd1 Nxf3+ 11. Bxf3 Qxd1+ 12. Bxd1 Be6 13. Be2 c6 14. h3 Rad8
15. Be3 b6 16. O-O Rd7 17. Rad1 Rfd8 18. Rxd7 Rxd7 19. b3 Bf8 20. b4 a5 21. Rb1
axb4 22. axb4 c5 23. b5 Ra7 24. Bc1 h5 25. f3 Kh7 26. g4 hxg4 27. hxg4 Kg7 28.
Kg2 Be7 29. Bb2 Nd7 30. Kg3 Bg5 31. Nd5 Bxd5 32. exd5 Ra2 33. Bd1 Bf4+ 34. Kh3
Ra8 35. Kg2 Rh8 36. Kf1 Nf6 37. Ke2 Rh2+ 38. Kd3 Rd2+ 39. Kc3 e4 40. fxe4 Nxe4+
41. Kb3+ f6 42. Bc2 Nf2 43. Rf1 Nd3 44. Bc3 Rf2 45. Bxd3 1-0

[Event "XVIII Weekend B"]
[Site "Ceriano Laghetto ITA"]
[Date "2009.03.28"]
[Round "3"]
[White "Marchesotti, Giovanni"]
[Black "Casale, Anania"]
[Result "1/2-1/2"]
[WhiteElo "1660"]
[BlackElo "1719"]
[PlyCount "57"]
[EventDate "2009.03.27"]

1. Nf3 Nf6 2. g3 e6 3. Bg2 d5 4. O-O c5 5. d3 Nc6 6. Nbd2 Bd6 7. e4 O-O 8. Re1
Qc7 9. a3 h6 10. Qe2 dxe4 11. dxe4 e5 12. c3 a6 13. Nc4 Be7 14. Qc2 Be6 15. Ne3
Rad8 16. Nf5 Na5 17. Nxe7+ Qxe7 18. b4 Nb3 19. Rb1 Nxc1 20. Rexc1 cxb4 21. cxb4
Rc8 22. Qe2 Bd7 23. Rxc8 Rxc8 24. Qb2 Nxe4 25. Qxe5 Qxe5 26. Nxe5 Bf5 27. Re1
Nd6 28. h4 b5 29. Rd1 1/2-1/2

[Event "XVIII Weekend B"]
[Site "Ceriano Laghetto ITA"]
[Date "2009.03.28"]
[Round "3"]
[White "Nepi, Ezio"]
[Black "Pepa, Syrja"]
[Result "1-0"]
[WhiteElo "1822"]
[BlackElo "1830"]
[PlyCount "79"]
[EventDate "2009.03.27"]

1. d4 Nf6 2. Bg5 d5 3. Bxf6 exf6 4. e3 Bd6 5. g3 O-O 6. Bg2 c6 7. Ne2 Bf5 8.
Nd2 Re8 9. O-O Nd7 10. c4 Be4 11. cxd5 Bxg2 12. Kxg2 cxd5 13. Qb3 Nb6 14. Rfc1
Qd7 15. a4 a5 16. Qxb6 Bb4 17. Rc7 Qg4 18. Nf3 Qf5 19. Rac1 g5 20. Rxb7 g4 21.
Nh4 Qg5 22. Qc7 Re7 23. Rb8+ Rxb8 24. Qxb8+ Kg7 25. Qf4 Re4 26. Qxg5+ fxg5 27.
Nf5+ Kg6 28. Nc3 Bxc3 29. Rxc3 Kxf5 30. Rc5 Ke6 31. Rxa5 f5 32. Rc5 f4 33. Rc3
f3+ 34. Kf1 Kd6 35. b4 Re7 36. b5 Ra7 37. Ra3 Rc7 38. Ra1 Rc4 39. a5 Rb4 40. b6
1-0

[Event "XVIII Weekend B"]
[Site "Ceriano Laghetto ITA"]
[Date "2009.03.28"]
[Round "3"]
[White "Palminteri, Vincenzo"]
[Black "Clerici, Samuele"]
[Result "1-0"]
[WhiteElo "1863"]
[BlackElo "1773"]
[PlyCount "25"]
[EventDate "2009.03.27"]

1. e4 e5 2. Nf3 Nc6 3. d4 exd4 4. Bc4 d6 5. Nxd4 Ne5 6. Be2 Nf6 7. Bg5 Be7 8.
f4 Nxe4 9. Bxe7 Qxe7 10. O-O Nd7 11. Bf3 Nec5 12. Re1 Ne6 13. f5 1-0

[Event "XVIII Weekend B"]
[Site "Ceriano Laghetto ITA"]
[Date "2009.03.28"]
[Round "3"]
[White "Rapetti, Giuseppe"]
[Black "Quagliarella, Sabino Remo"]
[Result "1-0"]
[WhiteElo "1785"]
[BlackElo "1957"]
[PlyCount "113"]
[EventDate "2009.03.27"]

1. d4 d5 2. c4 c6 3. Nf3 Nf6 4. Nc3 Nbd7 5. e3 e6 6. Bd3 Be7 7. O-O O-O 8. cxd5
exd5 9. Qc2 Re8 10. a3 Nf8 11. b4 a6 12. Rb1 Bd6 13. a4 Bg4 14. Nd2 Qe7 15. b5
axb5 16. axb5 Bd7 17. bxc6 bxc6 18. Ne2 Bxh2+ 19. Kxh2 Ng4+ 20. Kg1 Qh4 21. Nf3
Qf6 22. Ng3 g6 23. e4 dxe4 24. Bxe4 Qd6 25. Bb2 Nf6 26. Rfe1 Nxe4 27. Nxe4 Rxe4
28. Rxe4 Bf5 29. Qe2 Ne6 30. Rxe6 fxe6 31. Ra1 Rb8 32. Ba3 Qd5 33. Qe5 Qb3 34.
Bc5 Qb2 35. Ra7 Qc1+ 36. Ne1 Qxe1+ 37. Qxe1 Rb1 38. Qxb1 Bxb1 39. Kh2 Be4 40.
g3 h5 41. Kh3 g5 42. f4 Bf5+ 43. Kg2 gxf4 44. gxf4 h4 45. Kh2 h3 46. Rc7 Kh8
47. Rxc6 Kg7 48. Bd6 Kg6 49. Rc3 Bg4 50. Rg3 Kf5 51. Be5 Be2 52. Kxh3 Ke4 53.
Kh4 Bc4 54. Kg5 Be2 55. Kf6 Bc4 56. Rg7 Bb3 57. Re7 1-0

[Event "XVIII Weekend B"]
[Site "Ceriano Laghetto ITA"]
[Date "2009.03.28"]
[Round "3"]
[White "Regorda, Massimiliano"]
[Black "Colombo, Samuel"]
[Result "1-0"]
[WhiteElo "1919"]
[BlackElo "1781"]
[PlyCount "97"]
[EventDate "2009.03.27"]

1. e4 e6 2. d4 d5 3. Nd2 c5 4. Ngf3 cxd4 5. Nxd4 a6 6. exd5 Qxd5 7. c3 Nf6 8.
Qf3 Bd6 9. Qxd5 Nxd5 10. Bc4 Nf6 11. O-O O-O 12. Re1 Bd7 13. N2f3 Nc6 14. Bg5
Nxd4 15. Nxd4 b5 16. Bb3 Bc5 17. Rad1 Rad8 18. h3 Bxd4 19. Rxd4 Bc6 20. Red1
Rxd4 21. Rxd4 Nd5 22. c4 bxc4 23. Bxc4 Bb7 24. Bd3 Rc8 25. Rc4 Rxc4 26. Bxc4 f6
27. Bd2 Kf7 28. b4 Nb6 29. Bd3 Bd5 30. Bxa6 Bxa2 31. Be3 Bc4 32. Bxc4 Nxc4 33.
Bc5 e5 34. Kf1 Ke6 35. Ke2 Kd5 36. Kd3 Nb2+ 37. Kc2 Na4 38. Bf8 g6 39. Kb3 Nb6
40. Be7 f5 41. Bd8 Kc6 42. Bxb6 Kxb6 43. Kc4 e4 44. g4 h5 45. gxh5 gxh5 46. Kd4
Kb5 47. Ke5 Kxb4 48. Kxf5 Kc4 49. Kxe4 1-0

[Event "XVIII Weekend B"]
[Site "Ceriano Laghetto ITA"]
[Date "2009.03.28"]
[Round "3"]
[White "Regorda, Vittorio"]
[Black "Mouflih, Caesar Faycal"]
[Result "0-1"]
[WhiteElo "1848"]
[BlackElo "1593"]
[PlyCount "60"]
[EventDate "2009.03.27"]

1. d4 d5 2. Nf3 Nf6 3. c4 c6 4. Bf4 e6 5. e3 Bb4+ 6. Nbd2 Ne4 7. a3 Nxd2 8.
Nxd2 Bd6 9. Bxd6 Qxd6 10. c5 Qc7 11. Nf3 Nd7 12. b4 e5 13. Be2 O-O 14. O-O f5
15. dxe5 Nxe5 16. Nd4 Bd7 17. Bh5 f4 18. exf4 Rxf4 19. g3 Rf6 20. f4 Raf8 21.
Re1 Nc4 22. Re7 Qd8 23. Qe2 g6 24. Bf3 Re8 25. Re1 Qxe7 26. Qxe7 Rxe7 27. Rxe7
Rf7 28. Rxf7 Kxf7 29. a4 Nb2 30. a5 Nd3 0-1

[Event "XVIII Weekend B"]
[Site "Ceriano Laghetto ITA"]
[Date "2009.03.28"]
[Round "3"]
[White "Riboldi, Raffaele"]
[Black "Veronelli, Franco"]
[Result "1-0"]
[WhiteElo "1926"]
[BlackElo "1617"]
[PlyCount "97"]
[EventDate "2009.03.27"]

1. d4 d5 2. c4 e6 3. Nc3 c5 4. Nf3 Nc6 5. cxd5 exd5 6. g3 Nf6 7. Bg2 Be7 8. O-O
O-O 9. a3 Bf5 10. dxc5 Bxc5 11. b4 Be7 12. Nd4 Bg6 13. Bb2 Ne5 14. Qb3 Nc4 15.
Bc1 a6 16. Rd1 Nb6 17. Bg5 Ne4 18. Bxe7 Qxe7 19. Nxd5 Nxd5 20. Qxd5 Nc3 21.
Qxb7 Qxb7 22. Bxb7 Rab8 23. Rac1 Nxe2+ 24. Nxe2 Rxb7 25. Rc5 Re8 26. Nf4 Rbe7
27. Nxg6 hxg6 28. Rdc1 Re6 29. Kf1 Kf8 30. Rc8 Rxc8 31. Rxc8+ Ke7 32. Rc7+ Kf6
33. f3 g5 34. Kf2 Kg6 35. Rc4 f5 36. h3 Kf6 37. a4 g6 38. b5 Ke7 39. Rc7+ Kd8
40. Rc5 axb5 41. axb5 Kd7 42. g4 Kd6 43. Rc6+ Kd7 44. Rxe6 Kxe6 45. gxf5+ gxf5
46. Ke3 Kd5 47. f4 g4 48. hxg4 fxg4 49. f5 1-0

[Event "XVIII Weekend B"]
[Site "Ceriano Laghetto ITA"]
[Date "2009.03.28"]
[Round "3"]
[White "Rossi, Giampiero"]
[Black "Lanni, Vincenzo"]
[Result "1-0"]
[WhiteElo "1948"]
[BlackElo "1870"]
[PlyCount "59"]
[EventDate "2009.03.27"]

1. d4 g6 2. c4 Bg7 3. g3 d5 4. cxd5 Qxd5 5. Nf3 Nf6 6. Nc3 Qd8 7. Bg2 c6 8. O-O
O-O 9. e4 Bg4 10. Be3 Nfd7 11. Qd2 Bxf3 12. Bxf3 e5 13. d5 Nb6 14. dxc6 Qxd2
15. Bxd2 Nxc6 16. b3 Rfd8 17. Be3 Rd3 18. Rfe1 Bh6 19. Bxh6 Rxf3 20. Kg2 Rd3
21. Red1 Rad8 22. f3 Nc8 23. Kf2 f6 24. Be3 Rxd1 25. Rxd1 Rxd1 26. Nxd1 Kf7 27.
Ke2 Ke6 28. Kd3 Nd6 29. a4 Nc8 30. Nc3 1-0

[Event "XVIII Weekend B"]
[Site "Ceriano Laghetto ITA"]
[Date "2009.03.28"]
[Round "3"]
[White "Schingaro, Angelo"]
[Black "Olivo, Mario"]
[Result "1-0"]
[WhiteElo "1699"]
[BlackElo "1899"]
[PlyCount "79"]
[EventDate "2009.03.27"]

1. e4 c5 2. Nf3 Nc6 3. d4 cxd4 4. Nxd4 Nf6 5. Nc3 d6 6. Be3 e6 7. f3 Be7 8. Qd2
a6 9. g4 Bd7 10. O-O-O Qc7 11. h4 Ne5 12. g5 Nh5 13. Rh3 Nc4 14. Bxc4 Qxc4 15.
f4 g6 16. Rf3 Ng7 17. Kb1 b5 18. Bf2 b4 19. Nce2 a5 20. b3 Qc7 21. c4 bxc3 22.
Rxc3 Qb7 23. Qc2 Rc8 24. Ng3 Rxc3 25. Qxc3 Qb4 26. Qxb4 axb4 27. Rc1 O-O 28.
Rc7 Rd8 29. Rb7 d5 30. exd5 exd5 31. Be1 Bc5 32. Nge2 Nf5 33. Bf2 Nd6 34. Rc7
Bb6 35. Rc1 Ne4 36. Be1 Bc5 37. Rd1 Rb8 38. Kb2 Bg4 39. Rd3 Kg7 40. Ng3 1-0

[Event "XVIII Weekend B"]
[Site "Ceriano Laghetto ITA"]
[Date "2009.03.28"]
[Round "3"]
[White "Viale, Fabio"]
[Black "Bellotto, Stefano"]
[Result "0-1"]
[WhiteElo "1818"]
[BlackElo "1992"]
[PlyCount "97"]
[EventDate "2009.03.27"]

1. d4 d6 2. e4 Nf6 3. Nc3 c6 4. Nf3 Bg4 5. Be2 e6 6. O-O d5 7. exd5 cxd5 8. Ne5
Bxe2 9. Qxe2 Nc6 10. Qb5 Qc7 11. Bf4 Bd6 12. Rfe1 O-O 13. Rad1 Ne7 14. Qd3 a6
15. h3 Ng6 16. Nxg6 hxg6 17. Be5 Rac8 18. g4 b5 19. Bxf6 gxf6 20. Rc1 Bf4 21.
Rb1 Qc4 22. Qd1 Bg5 23. Re2 Kg7 24. a3 Rh8 25. Kg2 Qc7 26. Qd3 Qf4 27. Qe3 Qd6
28. Qd3 Qb6 29. Rbe1 Rc4 30. Rd1 Qc7 31. Rh1 Qf4 32. Rd1 f5 33. Qe3 fxg4 34.
Qxf4 Bxf4 35. hxg4 Rh2+ 36. Kf3 g5 37. Ree1 a5 38. Re2 b4 39. axb4 Rxb4 40. b3
Rb8 41. Na4 Rbh8 42. Ree1 R8h3+ 43. Ke2 Re3+ 44. Kf1 Rh1+ 45. Kg2 Rhxe1 46.
Rxe1 Rxe1 47. c4 dxc4 48. bxc4 Rc1 49. c5 0-1

[Event "XVIII Weekend B"]
[Site "Ceriano Laghetto ITA"]
[Date "2009.03.28"]
[Round "3"]
[White "Virzi, Ettore"]
[Black "Carbone, Lorenzo"]
[Result "1-0"]
[WhiteElo "1979"]
[BlackElo "1807"]
[PlyCount "43"]
[EventDate "2009.03.27"]

1. e4 c5 2. Nf3 d6 3. d4 cxd4 4. Nxd4 Nf6 5. Nc3 a6 6. Bg5 e6 7. f4 Be7 8. Qf3
Qc7 9. O-O-O b5 10. Bd3 Bb7 11. Rhe1 Nbd7 12. Qg3 Nc5 13. Bxf6 Nxd3+ 14. Rxd3
gxf6 15. Qg7 Rf8 16. Nd5 Bxd5 17. exd5 Qa5 18. Rde3 e5 19. fxe5 fxe5 20. Nc6
Qxa2 21. Rxe5 dxe5 22. Qxe5 1-0

[Event "XVIII Weekend B"]
[Site "Ceriano Laghetto ITA"]
[Date "2009.03.29"]
[Round "4"]
[White "Bellotto, Stefano"]
[Black "Fornasir, Carlo Gustavo"]
[Result "1/2-1/2"]
[WhiteElo "1992"]
[BlackElo "1886"]
[PlyCount "93"]
[EventDate "2009.03.27"]

1. d4 Nf6 2. c4 e5 3. dxe5 Ng4 4. Nf3 Bc5 5. e3 Nc6 6. Nc3 Ngxe5 7. Be2 d6 8.
a3 a5 9. b3 Bf5 10. Bb2 Nxf3+ 11. Bxf3 Ne5 12. Be2 c6 13. h3 h5 14. Qd2 Qg5 15.
g3 Qg6 16. O-O-O Qe6 17. g4 Bg6 18. Na4 Nd7 19. Qc3 f6 20. Bd3 Be4 21. Bxe4
Qxe4 22. Rhg1 hxg4 23. Rxg4 Qe7 24. Rdg1 Rg8 25. Qc2 Ne5 26. Nxc5 Nxg4 27. Rxg4
O-O-O 28. Qf5+ Kb8 29. Re4 Qf7 30. Na4 d5 31. Rd4 dxc4 32. Rxd8+ Rxd8 33. Qf4+
Qc7 34. Qxc7+ Kxc7 35. bxc4 Rh8 36. Bd4 b5 37. cxb5 cxb5 38. Nc5 Rxh3 39. Ne6+
Kd6 40. Nxg7 Rf3 41. Ne8+ Ke7 42. Nxf6 Rxf2 43. Ne4 Rg2 44. Nc3 Rg5 45. Kc2 Kd7
46. Ne4 Rg2+ 47. Kd3 1/2-1/2

[Event "XVIII Weekend B"]
[Site "Ceriano Laghetto ITA"]
[Date "2009.03.29"]
[Round "4"]
[White "Cervini, Gian Piero"]
[Black "Casale, Anania"]
[Result "1/2-1/2"]
[WhiteElo "1819"]
[BlackElo "1719"]
[PlyCount "60"]
[EventDate "2009.03.27"]

1. e4 c5 2. c3 d5 3. exd5 Qxd5 4. d4 e6 5. Nf3 Nf6 6. Na3 Be7 7. Be3 a6 8. Qa4+
Bd7 9. Bb5 Bxb5 10. Nxb5 axb5 11. Qxa8 O-O 12. dxc5 Na6 13. Qa7 Ng4 14. c6 Nc5
15. O-O Nxe3 16. fxe3 Qxc6 17. Rad1 Na4 18. Nd4 Qe4 19. Nxb5 Bc5 20. Qa5 Bxe3+
21. Kh1 b6 22. Qb4 Nc5 23. Nd6 Qc6 24. Qb5 Qxb5 25. Nxb5 Ne4 26. Rd7 Nf2+ 27.
Kg1 Nh3+ 28. Kh1 Nf2+ 29. Kg1 Nh3+ 30. Kh1 Nf2+ 1/2-1/2

[Event "XVIII Weekend B"]
[Site "Ceriano Laghetto ITA"]
[Date "2009.03.29"]
[Round "4"]
[White "Colombo, Luca"]
[Black "Clerici, Samuele"]
[Result "1-0"]
[WhiteElo "1819"]
[BlackElo "1773"]
[PlyCount "95"]
[EventDate "2009.03.27"]

1. e4 e5 2. Nf3 Nc6 3. Bb5 a6 4. Bxc6 dxc6 5. O-O Bg4 6. Re1 Bd6 7. d3 Ne7 8.
Be3 O-O 9. Nbd2 f5 10. exf5 Nxf5 11. Bg5 Qc8 12. c3 h6 13. Qb3+ Kh8 14. Be3 b5
15. h3 Nxe3 16. Rxe3 Bf5 17. Ne4 Qe6 18. Qxe6 Bxe6 19. Ng3 Bf5 20. Nxf5 Rxf5
21. g4 Rf7 22. Nxe5 Bxe5 23. Rxe5 Rf3 24. Re6 Raf8 25. Rf1 R3f7 26. Kg2 Rd7 27.
d4 Rd5 28. f4 b4 29. Re5 Rd7 30. f5 bxc3 31. bxc3 Rb8 32. Rfe1 Rb2+ 33. R5e2
Rb7 34. Kf3 Kg8 35. Re5 Kf7 36. Kf4 Rb2 37. R5e2 Rb8 38. h4 Rb5 39. g5 hxg5+
40. hxg5 g6 41. fxg6+ Kxg6 42. Re6+ Kf7 43. Rxc6 Ra5 44. Re2 Ra3 45. Kg4 a5 46.
Kh5 Kg7 47. Rf2 Kg8 48. Rg6+ 1-0

[Event "XVIII Weekend B"]
[Site "Ceriano Laghetto ITA"]
[Date "2009.03.29"]
[Round "4"]
[White "Colombo, Samuel"]
[Black "Riboldi, Raffaele"]
[Result "1/2-1/2"]
[WhiteElo "1781"]
[BlackElo "1926"]
[PlyCount "42"]
[EventDate "2009.03.27"]

1. Nf3 d5 2. g3 c5 3. d3 Nc6 4. Nbd2 e5 5. e4 d4 6. Nc4 f6 7. a4 Nge7 8. Nh4
Be6 9. b3 Qd7 10. f4 Bg4 11. Nf3 exf4 12. Bxf4 Ng6 13. Bd2 O-O-O 14. Qe2 Nge5
15. Bg2 Be7 16. h3 Be6 17. Nfxe5 fxe5 18. Bf3 Rdf8 19. O-O-O Rf7 20. Rdf1 Rhf8
21. Bg2 Rxf1+ 1/2-1/2

[Event "XVIII Weekend B"]
[Site "Ceriano Laghetto ITA"]
[Date "2009.03.29"]
[Round "4"]
[White "Colombo, Sandro"]
[Black "Bertamini, Alberto"]
[Result "1/2-1/2"]
[WhiteElo "1844"]
[BlackElo "1592"]
[PlyCount "131"]
[EventDate "2009.03.27"]

1. c4 e6 2. Nf3 Nf6 3. Nc3 Bc5 4. d4 Bb4 5. Bd2 Bxc3 6. Bxc3 d6 7. e3 Bd7 8.
Bd3 Bc6 9. Qe2 Ne4 10. Bxe4 Bxe4 11. Nd2 Bg6 12. e4 Nd7 13. f4 Qe7 14. d5 f5
15. e5 exd5 16. exd6 Qxe2+ 17. Kxe2 cxd6 18. cxd5 Nb6 19. Bxg7 Rg8 20. Bd4 Nxd5
21. Rhe1 Kd7 22. g3 Bf7 23. Rac1 Nb4 24. a3 Rge8+ 25. Be3 Bh5+ 26. Nf3 Bxf3+
27. Kxf3 Nd3 28. Red1 Nxc1 29. Rxc1 b6 30. h3 h5 31. Rg1 Rg8 32. g4 hxg4+ 33.
hxg4 fxg4+ 34. Rxg4 Rxg4 35. Kxg4 Ke7 36. f5 Rg8+ 37. Kf4 Rg2 38. Bd4 Kf7 39.
Ke4 Ke7 40. Kd5 Rg5 41. Ke4 Rg4+ 42. Kd5 Rf4 43. f6+ Kd7 44. Bc3 Rf5+ 45. Ke4
Ke6 46. a4 d5+ 47. Kd3 a6 48. b4 Rf3+ 49. Kc2 Rxc3+ 50. Kxc3 Kxf6 51. a5 bxa5
52. bxa5 Ke5 53. Kd3 d4 54. Kd2 Ke4 55. Ke2 d3+ 56. Kd2 Kd4 57. Kd1 Kc4 58. Kd2
Kd4 59. Kd1 Kc3 60. Kc1 Kb4 61. Kd2 Kc4 62. Kd1 Kb4 63. Kd2 Kxa5 64. Kxd3 Ka4
65. Kc2 Ka3 66. Kb1 1/2-1/2

[Event "XVIII Weekend B"]
[Site "Ceriano Laghetto ITA"]
[Date "2009.03.29"]
[Round "4"]
[White "Dogic, Mirhad"]
[Black "Bernasconi, Roberto"]
[Result "0-1"]
[WhiteElo "1685"]
[BlackElo "1929"]
[PlyCount "73"]
[EventDate "2009.03.27"]

1. f4 e5 2. fxe5 d6 3. Nf3 dxe5 4. e4 Bd6 5. d3 Ne7 6. Be2 Nbc6 7. O-O O-O 8.
c3 Bc5+ 9. Kh1 Ng6 10. Nbd2 a6 11. Nb3 Bb6 12. d4 Qe8 13. d5 Nb8 14. c4 Nd7 15.
Nbd2 Bc5 16. a3 a5 17. Ne1 b6 18. Nd3 a4 19. Nf3 Bd6 20. Bd2 Nc5 21. Nxc5 Bxc5
22. Bb4 Qe7 23. Bc3 Bd7 24. Bd2 Qe8 25. Bb4 Qe7 26. Bd2 Qe8 27. Qe1 Qe7 28. Qg3
Qd6 29. Nh4 Nxh4 30. Qxh4 Qe7 31. Qg3 Kh8 32. Bh5 f6 33. Bg4 Rf7 34. Bxd7 Qxd7
35. Qf3 Raf8 36. Bc3 Bd6 37. Qf5 0-1

[Event "XVIII Weekend B"]
[Site "Ceriano Laghetto ITA"]
[Date "2009.03.29"]
[Round "4"]
[White "Greco, Umberto"]
[Black "Brioschi, Camillo"]
[Result "0-1"]
[WhiteElo "1773"]
[BlackElo "1872"]
[PlyCount "64"]
[EventDate "2009.03.27"]

1. d4 Nf6 2. c4 g6 3. Nc3 d5 4. cxd5 Nxd5 5. Nxd5 Qxd5 6. Nf3 Bg7 7. e3 O-O 8.
Be2 c5 9. O-O Nc6 10. dxc5 Qxc5 11. Qa4 Rd8 12. Rd1 Bf5 13. e4 Rxd1+ 14. Bxd1
Be6 15. Be3 Qb4 16. Qxb4 Nxb4 17. Bd4 Nxa2 18. Bxg7 Kxg7 19. Nd4 Nb4 20. Nxe6+
fxe6 21. g3 Kf6 22. Be2 a5 23. b3 b6 24. Rc1 Rd8 25. Bc4 Rd2 26. Rc3 Ke5 27.
Kg2 Nc2 28. Kf3 Kd4 29. Rxc2 Rxc2 30. Bxe6 b5 31. h4 a4 32. bxa4 bxa4 0-1

[Event "XVIII Weekend B"]
[Site "Ceriano Laghetto ITA"]
[Date "2009.03.29"]
[Round "4"]
[White "Guzzetti, Luigi Enrico"]
[Black "Schingaro, Angelo"]
[Result "1-0"]
[WhiteElo "1854"]
[BlackElo "1699"]
[PlyCount "40"]
[EventDate "2009.03.27"]

1. e4 c5 2. Nf3 d6 3. d4 cxd4 4. Nxd4 Nf6 5. Nc3 a6 6. Be2 e6 7. Be3 Nbd7 8.
O-O Be7 9. f4 Qc7 10. Qe1 b5 11. a3 Bb7 12. Bf3 O-O 13. Qg3 Rfc8 14. e5 Bxf3
15. exf6 Nxf6 16. Qxf3 d5 17. Nb3 Rab8 18. Bd4 Qd8 19. Rad1 Rc4 20. f5 exf5 1-0

[Event "XVIII Weekend B"]
[Site "Ceriano Laghetto ITA"]
[Date "2009.03.29"]
[Round "4"]
[White "Kimbin, Richard Conrod"]
[Black "Campesato, Adriano"]
[Result "0-1"]
[WhiteElo "1834"]
[BlackElo "1655"]
[PlyCount "109"]
[EventDate "2009.03.27"]

1. Nf3 Nf6 2. g3 g6 3. Bg2 Bg7 4. d3 d6 5. O-O O-O 6. e4 c5 7. c3 Nc6 8. h3 Qc7
9. Re1 Nd7 10. Bg5 h6 11. Be3 Kh7 12. Nh4 e5 13. Nd2 Rb8 14. f4 exf4 15. gxf4
Nf6 16. Nf1 b6 17. Ng3 Ne7 18. Rf1 Qd8 19. Nf3 Ba6 20. Rf2 Bc8 21. e5 Nh5 22.
Bd2 Be6 23. Ne4 Nf5 24. Qe2 Qc7 25. d4 f6 26. c4 Ne7 27. exf6 Bxf6 28. Nxf6+
Rxf6 29. d5 Bd7 30. Bc3 Rf7 31. Re1 Re8 32. Qd3 Ref8 33. Nh2 Ng7 34. Be4 Bf5
35. Ref1 Qd7 36. Bxf5 Qxf5 37. Qxf5 Ngxf5 38. Re1 b5 39. b3 bxc4 40. bxc4 Nc8
41. Kg2 Nb6 42. Re6 Nxc4 43. Ng4 h5 44. Nf6+ Kh6 45. Rfe2 Nd4 46. Bxd4 cxd4 47.
Ne4 Ne3+ 48. Kg1 Rxf4 49. Nf2 Nxd5 50. Rxd6 Nc3 51. Ree6 Rg8 52. Kg2 Rf5 53.
Rxd4 Nxa2 54. Ra4 Nc3 55. Rxa7 0-1

[Event "XVIII Weekend B"]
[Site "Ceriano Laghetto ITA"]
[Date "2009.03.29"]
[Round "4"]
[White "Lanni, Vincenzo"]
[Black "Fragni, Enrico"]
[Result "0-1"]
[WhiteElo "1870"]
[BlackElo "1769"]
[PlyCount "28"]
[EventDate "2009.03.27"]

1. d4 c6 2. g3 d6 3. Bg2 Nf6 4. c4 Bg4 5. Nf3 Nbd7 6. Nc3 e5 7. O-O Be7 8. h3
Bh5 9. b3 Qc7 10. e4 h6 11. g4 Bg6 12. Qc2 d5 13. cxd5 Nxe4 14. Nxe4 cxd5 0-1

[Event "XVIII Weekend B"]
[Site "Ceriano Laghetto ITA"]
[Date "2009.03.29"]
[Round "4"]
[White "Mouflih, Caesar Faycal"]
[Black "Rossi, Giampiero"]
[Result "1-0"]
[WhiteElo "1593"]
[BlackElo "1948"]
[PlyCount "75"]
[EventDate "2009.03.27"]

1. e4 c5 2. Nf3 e6 3. d4 cxd4 4. Nxd4 a6 5. Nc3 Qc7 6. Bd3 Nc6 7. Nb3 Nf6 8.
O-O Be7 9. f4 d6 10. a4 O-O 11. Be3 Bd7 12. Nd2 Nb4 13. Nc4 Nxd3 14. cxd3 b5
15. Nb6 Rab8 16. a5 Bc6 17. Rc1 Qb7 18. Rf2 Bd8 19. Rcc2 Bxb6 20. Bxb6 Rfc8 21.
Ne2 Ne8 22. Nd4 Bd7 23. h3 Rxc2 24. Rxc2 Rc8 25. Qc1 Rxc2 26. Qxc2 Qc8 27. g4
Qxc2 28. Nxc2 Bc6 29. Nb4 Bb7 30. Kf2 Kf8 31. Bd8 f6 32. h4 Kf7 33. Ke3 d5 34.
f5 g6 35. d4 gxf5 36. gxf5 Ng7 37. e5 Nh5 38. Kf3 1-0

[Event "XVIII Weekend B"]
[Site "Ceriano Laghetto ITA"]
[Date "2009.03.29"]
[Round "4"]
[White "Nepi, Ezio"]
[Black "Regorda, Massimiliano"]
[Result "1/2-1/2"]
[WhiteElo "1822"]
[BlackElo "1919"]
[PlyCount "85"]
[EventDate "2009.03.27"]

1. d4 d5 2. c4 e6 3. Nc3 Be7 4. Nf3 Nf6 5. cxd5 exd5 6. Bg5 O-O 7. e3 h6 8. Bh4
c6 9. Qc2 Ne4 10. Bxe7 Qxe7 11. Bd3 Nxc3 12. Qxc3 Nd7 13. Rc1 Nf6 14. O-O Ne4
15. Qc2 Re8 16. h3 Ng5 17. Nxg5 hxg5 18. Rfe1 Bd7 19. Rb1 g4 20. hxg4 Bxg4 21.
b4 Qg5 22. b5 Bf3 23. Bf1 Be4 24. Qb2 Bxb1 25. Rxb1 Qe7 26. bxc6 bxc6 27. Qc3
Qd6 28. g3 Rab8 29. Rc1 Re6 30. Qa5 Rf6 31. Qxa7 Rb2 32. f4 Qb4 33. Bd3 g6 34.
Rd1 Rd2 35. Rb1 Qc3 36. Rb8+ Kg7 37. Qe7 Rd1+ 38. Bf1 Rxf1+ 39. Kxf1 Qd3+ 40.
Kg1 Qd1+ 41. Kf2 Qd2+ 42. Kf3 Qd1+ 43. Kf2 1/2-1/2

[Event "XVIII Weekend B"]
[Site "Ceriano Laghetto ITA"]
[Date "2009.03.29"]
[Round "4"]
[White "Olivo, Mario"]
[Black "Magistroni, Imerio"]
[Result "1/2-1/2"]
[WhiteElo "1899"]
[BlackElo "1632"]
[PlyCount "146"]
[EventDate "2009.03.27"]

1. Nf3 d5 2. g3 Nc6 3. Bg2 e5 4. d3 Be7 5. Nbd2 f5 6. O-O Nf6 7. Nb3 O-O 8. e3
e4 9. Nfd2 Qe8 10. a3 Qg6 11. d4 b6 12. c4 Ba6 13. Qc2 dxc4 14. Nxc4 Nd5 15.
Rd1 Kh8 16. Bf1 Rad8 17. Kh1 h5 18. Ncd2 Bc8 19. Nb1 h4 20. Nc3 hxg3 21. fxg3
Nf6 22. Ne2 Ng4 23. Nf4 Qh6 24. Re1 Bd6 25. Qg2 Ne7 26. Bd2 a5 27. Rac1 Nf6 28.
Be2 g5 29. Qh3 Qxh3 30. Nxh3 Rg8 31. Nf2 Be6 32. Bc4 Bxc4 33. Rxc4 g4 34. Kg2
Nh7 35. Rc2 Ng5 36. Rh1 Nf3 37. Bc1 Rg7 38. Nd2 Nd5 39. Nxf3 exf3+ 40. Kf1 Re7
41. Nd1 Rde8 42. Kf2 Nf6 43. Nc3 c5 44. Rd1 cxd4 45. exd4 Ne4+ 46. Nxe4 Rxe4
47. Rh1 Re2+ 48. Rxe2 Rxe2+ 49. Kf1 Rc2 50. Bg5 Rxb2 51. Bc1 Rc2 52. Bg5 Ra2
53. Bf6+ Kh7 54. d5 Bxa3 55. h3 Kg6 56. Bd4 Bc5 57. Bc3 Rc2 58. Be1 Bb4 59.
hxg4 Bxe1 60. gxf5+ Kxf5 61. d6 Ke6 62. Rh6+ Kd7 63. Kxe1 Re2+ 64. Kf1 Re6 65.
Rh7+ Kxd6 66. Kf2 Rf6 67. Rb7 Kc5 68. Re7 Kd5 69. Re3 Kd4 70. Re8 a4 71. g4 b5
72. Rd8+ Kc4 73. Rc8+ Kb4 1/2-1/2

[Event "XVIII Weekend B"]
[Site "Ceriano Laghetto ITA"]
[Date "2009.03.29"]
[Round "4"]
[White "Pepa, Syrja"]
[Black "Donghi, Fabio"]
[Result "1/2-1/2"]
[WhiteElo "1830"]
[BlackElo "1670"]
[PlyCount "99"]
[EventDate "2009.03.27"]

1. d4 Nf6 2. c4 e6 3. Nc3 Bb4 4. Qc2 c5 5. dxc5 Bxc5 6. Nf3 Nc6 7. Bg5 Be7 8.
e3 b6 9. Be2 Bb7 10. O-O O-O 11. Rad1 Rc8 12. Qd2 d6 13. Bxf6 gxf6 14. Ne4 Ne5
15. Nxd6 Nxf3+ 16. gxf3 Bxd6 17. Qxd6 Qc7 18. Rd4 Qc5 19. Qxc5 Rxc5 20. Rd7
Rg5+ 21. Kh1 Ba8 22. Rg1 a5 23. h4 Rg6 24. Kh2 Rxg1 25. Kxg1 f5 26. Kh2 Kg7 27.
Kg3 Kf6 28. Rd6 Rg8+ 29. Kh2 Rb8 30. f4 Ke7 31. Rd4 Rg8 32. f3 Rd8 33. Rxd8
Kxd8 34. Kg3 Kc7 35. Bd3 Kd6 36. e4 fxe4 37. fxe4 h6 38. Kg4 Kc5 39. Kh5 Kd4
40. Bb1 Bxe4 41. Bxe4 Kxe4 42. Kxh6 Kxf4 43. h5 e5 44. Kg7 e4 45. h6 e3 46. h7
e2 47. h8=Q e1=Q 48. Qb8+ Qe5+ 49. Qxe5+ Kxe5 50. Kxf7 1/2-1/2